000 00873nam a2200277Ia 4500
001 Para_670
003 CHAP
008 220125s1996 xx 000 0 und d
010 _a199304
040 _cCHAP
090 _aPA FOLLETO 3402
100 _aCortazar Ríos, Matilde
_928322
245 _aGuía ilustrada para la formación de hibridos de cocotero /
_c por Matilde Cortazar Ríos y Humberto Carrillo Ramírez
260 _aXul-ha, Q. Roo :
_b INIFAP. Campo Experimental Chetumal
300 _a11 h.
650 _aCoco
_x mejoramiento
_924258
700 _aCarrillo Ramírez, Humberto
_919530
710 _aINIFAP. México. Campo Experimental Chetumal
_9164595
901 _aPA FOLLETO 3402
902 _aA
905 _a0000001996 d 0000000000 00
910 _a1996
942 _cPARA
942 _cPARA
_d1
999 _c199304
_d199304